| Tag |
First Indicator |
Second Indicator |
Subfields |
| LEADER |
00000pam a2200000 a 4500 |
| 001 |
in00000070283 |
| 005 |
20151008061657.0 |
| 008 |
810914s1982 nyu 00010 eng |
| 010 |
|
|
|a 81015691
|
| 019 |
|
|
|a 8556281
|
| 020 |
|
|
|a 0394523652 :
|c $10.50
|
| 035 |
|
|
|a (OCoLC)07835810
|
| 035 |
|
|
|9 AAJ8579AM
|
| 039 |
0 |
|
|a 2
|b 3
|c 3
|d 3
|e 3
|
| 040 |
|
|
|a DLC
|c DLC
|d TXA
|d UtOrBLW
|
| 049 |
|
|
|a TXAM [Also in] [Wein]
|c 1 [1362357], 2 [A09511306]
|
| 050 |
0 |
0 |
|a PS3545.R58
|b T5 1982
|
| 082 |
0 |
|
|a 811/.54
|2 19
|
| 100 |
1 |
|
|a Wright, James,
|d 1927-1980.
|
| 245 |
1 |
0 |
|a This journey /
|c James Wright.
|
| 250 |
|
|
|a 1st ed.
|
| 264 |
|
1 |
|a New York :
|b Random House,
|c [1982]
|
| 264 |
|
4 |
|c ©1982
|
| 300 |
|
|
|a 91 pages ;
|c 25 cm.
|
| 336 |
|
|
|a text
|b txt
|2 rdacontent
|
| 337 |
|
|
|a unmediated
|b n
|2 rdamedia
|
| 338 |
|
|
|a volume
|b nc
|2 rdacarrier
|
| 536 |
|
|
|a Poetry browsing collection: gift of Eleanor Weinbaum family.
|
| 999 |
|
|
|a MARS
|
| 999 |
f |
f |
|s 29fd9b56-8ad2-310b-96e1-a6c207f41f6a
|i 825f2a6c-aef7-34de-918d-c8ee50470304
|t 0
|
| 952 |
f |
f |
|p normal
|a Texas A&M University
|b College Station
|c Sterling C. Evans Library
|d Evans: Library Stacks
|t 0
|e PS3545.R58 T5 1982
|h Library of Congress classification
|i unmediated -- volume
|m A14806191678
|
| 998 |
f |
f |
|a PS3545.R58 T5 1982
|t 0
|l Evans: Library Stacks
|